I Novissimi meditati (Record n. 37582)
[ formato base ]
| 000 -LEADER | |
|---|---|
| fixed length control field | 01828nam a22001937a 4500 |
| 003 - CONTROL NUMBER IDENTIFIER | |
| control field | IT-RoPau |
| 005 - DATE AND TIME OF LATEST TRANSACTION | |
| control field | 20220918175936.0 |
| 008 - FIXED-LENGTH DATA ELEMENTS--GENERAL INFORMATION | |
| fixed length control field | 121128b xxu||||| |||| 00| 0 eng d |
| 040 ## - CATALOGING SOURCE | |
| Transcribing agency | IT-RoPau |
| 100 ## - MAIN ENTRY--PERSONAL NAME | |
| Personal name | Alberione Giacomo |
| Fuller form of name | Fondatore Famiglia Paolina |
| 9 (RLIN) | 19 |
| 245 ## - TITLE STATEMENT | |
| Title | I Novissimi meditati |
| Remainder of title | innanzi a Gesù Eucaristico |
| 250 ## - EDITION STATEMENT | |
| Edition statement | 1 |
| 260 ## - PUBLICATION, DISTRIBUTION, ETC. (IMPRINT) | |
| Place of publication, distribution, etc. | Lido di Ostia - Roma |
| Name of publisher, distributor, etc. | Pia SSP |
| Date of publication, distribution, etc. | 1964 |
| 300 ## - PHYSICAL DESCRIPTION | |
| Extent | 329 p. |
| Dimensions | 17 cm |
| 490 ## - SERIES STATEMENT | |
| Series statement | Edizioni paoline |
| Volume/sequential designation | 1 |
| 500 ## - GENERAL NOTE | |
| General note | I Novissimi sono per l' uomo verità sempre nuove, stimoli potenti, considerazioni che santificano. |
| 520 ## - SUMMARY, ETC. | |
| Summary, etc. | INDICE<br/> <br/>Prefazione<br/> <br/> LA MORTE<br/><br/>I - Che cosa sia la morte<br/>II - Gesu Modello dei moribondi<br/>III - Come prepararsi alla morte<br/>IV - Come usare i mezzi di comunicazione sociale<br/>V - I distacchi che la morte apporta<br/>VI - Mezzi per prepararsi alla morte<br/><br/> IL GIUDIZIO PARTICOLARE<br/><br/>VII - La presentazione dell' anima<br/>VIII - L' esame di coscienza<br/>IX - La sentenza dell' anima<br/><br/> IL PURGATORIO <br/><br/>X - Che cosa sia il Purgatorio<br/>XI - Le pene del Purgatorio<br/>XII - Doveri verso le anime del Purgatorio<br/><br/> IL PARADISO<br/><br/>XIII - Che cosa sia il Paradiso<br/>XIV - Il Paradiso è gloria<br/>XV - In Paradiso contempleremo Dio, sommo vero <br/>XVI - In Paradiso contempleremo Dio, Sommo bene<br/>XVII - Il Paradiso è gaudio<br/>XVIII - La gloria dei Beati<br/>XIX - La beata eternità<br/><br/> INFERNO<br/><br/>XX - L' Inferno<br/>XXI - Inferno : pena del senso<br/>XXII - Inferno : pena del danno<br/><br/> IL GIUDIZIO UNIVERSALE<br/><br/>XXIII - Il Giudizio universale<br/>XXIV - Fini del Giudizio<br/><br/>Conclusione<br/> <br/> |
| 942 ## - ADDED ENTRY ELEMENTS (KOHA) | |
| Source of classification or shelving scheme | Dewey Decimal Classification |
| Koha item type | LIBRO |
| Withdrawn status | Lost status | Source of classification or shelving scheme | Damaged status | Not for loan | Home library | Current library | Date acquired | Total Checkouts | Full call number | Date last seen | Price effective from | Koha item type |
|---|---|---|---|---|---|---|---|---|---|---|---|---|
| Dewey Decimal Classification | Buone Condizioni | Not For Loan | PAULUS-BIBLIOTECA | PAULUS-BIBLIOTECA | 28/11/2012 | PA3 | 28/11/2012 | 28/11/2012 | LIBRO | |||
| Dewey Decimal Classification | Buone Condizioni | Not For Loan | PAULUS-BIBLIOTECA | PAULUS-BIBLIOTECA | 29/10/2013 | P A2 | 29/10/2013 | 29/10/2013 | LIBRO | |||
| Dewey Decimal Classification | Buone Condizioni | Not For Loan | PAULUS-BIBLIOTECA | PAULUS-BIBLIOTECA | 29/10/2013 | P A2 | 29/10/2013 | 29/10/2013 | LIBRO | |||
| Dewey Decimal Classification | Buone Condizioni | Not For Loan | PAULUS-BIBLIOTECA | PAULUS-BIBLIOTECA | 29/10/2013 | P A2 | 29/10/2013 | 29/10/2013 | LIBRO |